[Event "Beth Harmon Ate My Dingo"]
[Site "SchemingMind.com"]
[Date "2021.01.20"]
[Round "-"]
[White "Steven DuCharme"]
[Black "David Perna-Fraser"]
[Result "0-1"]
[WhiteCountry "USA"]
[BlackCountry "CAN"]
[WhiteElo "1571"]
[WhiteRD "55"]
[BlackElo "1870"]
[BlackRD "73"]
[GameID "464677"]

1. e4 e5 2. Nf3 Nf6 3. d3 d5 4. Nxe5 dxe4 5. dxe4 Qxd1+ 6. Kxd1 Nxe4 7. Be3 Bd6 8. Nc4 O-O 9. Nxd6 Rd8 10. Bd3 Rxd6
11. f3 Nf6 12. Nc3 Bf5 13. Kd2 Bxd3 14. cxd3 Nc6 15. Nb5 Rd7 16. a3 Rad8 17. Rad1 Rxd3+ 18. Ke2 Rxd1 19. Rxd1 Rxd1 20. Kxd1 Nd5
21. Bd2 a6 22. Nc3 Nxc3+ 23. Bxc3 Kf8 24. b4 f6 25. f4 Ke7 26. Kd2 Ke6 27. g4 g6 28. h4 f5 29. g5 Kd5 30. Kd3 Nd8
31. a4 Ne6 32. Be5 c5 33. bxc5 Nxc5+ 34. Kc3 Nxa4+ 35. Kb4 b5
0-1

[Event "Beth Harmon Ate My Dingo"]
[Site "SchemingMind.com"]
[Date "2021.01.20"]
[Round "-"]
[White "David Perna-Fraser"]
[Black "Steven DuCharme"]
[Result "1-0"]
[WhiteCountry "CAN"]
[BlackCountry "USA"]
[WhiteElo "1937"]
[WhiteRD "78"]
[BlackElo "1596"]
[BlackRD "65"]
[GameID "464678"]

1. e4 c5 2. Nf3 Nc6 3. d4 cxd4 4. Nxd4 Nf6 5. Nc3 Nxd4 6. Qxd4 d6 7. Bb5+ Bd7 8. a4 e5 9. Qd3 Be7 10. Nd5 O-O
11. Nxe7+ Qxe7 12. Bg5 Bxb5 13. axb5 h6 14. Bh4 g5 15. Bg3 Nh5 16. h4 Nf4 17. Bxf4 exf4 18. hxg5 Qxg5 19. Qh3 Rfe8 20. f3 Kg7
21. O-O-O Rad8 22. Rd5 Re5 23. Rhd1 Qf6 24. Qg4+ Rg5 25. Qh3 Rxd5 26. Rxd5 b6 27. Rf5 Qd4 28. Qg4+ Kf8 29. c3 Qe3+ 30. Kb1 Qd3+=
31. Ka2 Qc4+ 32. Ka3 a6 33. Qh4 Ra8 34. Qxh6+ Ke7 35. Qf6+ Kd7 36. Qxf7+ Qxf7 37. Rxf7+ Ke6 38. Rxf4 axb5+ 39. Kb3 Rg8 40. g4
1-0

[Event "Beth Harmon Ate My Dingo"]
[Site "SchemingMind.com"]
[Date "2021.01.23"]
[Round "-"]
[White "Derek Price"]
[Black "David Perna-Fraser"]
[Result "1-0"]
[WhiteCountry "ENG"]
[BlackCountry "CAN"]
[WhiteElo "2207"]
[WhiteRD "67"]
[BlackElo "1948"]
[BlackRD "81"]
[GameID "464679"]

1. c4 e6 2. g3 d5 3. Bg2 Nf6 4. Nf3 c5 5. cxd5 exd5 6. d4 Nc6 7. O-O c4 8. Ne5 Be7 9. Nxc6 bxc6 10. b3 cxb3
11. axb3 O-O 12. Nd2 a5 13. Qc2 Qb6 14. e3 Ba6 15. Re1 Bb4 16. Ba3 Bb5 17. Rec1 Bxd2 18. Qxd2 Rfe8 19. Bc5 Qd8 20. Ra2 Ra6
21. Rca1 Ne4 22. Bxe4 Rxe4 23. Rxa5 Rxa5 24. Rxa5 h6 25. Ra7 Qc8 26. Bd6 Qh3 27. Ra8+ Kh7 28. Qe1 Re6 29. Qb1+ g6 30. Be5 f6
31. Qa1 g5 32. Qb1+ f5 33. Ra7+ Kg6 34. Rg7+ Kh5 35. Qd1+ Qg4 36. f3 Qh3 37. Rg8 Ba6 38. Rf8 Kg6 39. Ra8 Bb5 40. Rg8+ Kh5
41. Rg7 Re8 42. Qb1 Re6 43. Rf7 Kg6 44. Rd7 Kh5 45. Qd1 Kg6 46. e4 dxe4 47. fxe4 fxe4 48. Rg7+ Kf5 49. Qe1 Qf1+ 50. Qxf1+ Bxf1
51. Rf7+ Kg4 52. Rxf1 e3 53. Kg2 c5 54. h3+ Kh5 55. Rf6 Re8 56. g4+
1-0

[Event "Beth Harmon Ate My Dingo"]
[Site "SchemingMind.com"]
[Date "2021.01.23"]
[Round "-"]
[White "David Perna-Fraser"]
[Black "Derek Price"]
[Result "1/2-1/2"]
[WhiteCountry "CAN"]
[BlackCountry "ENG"]
[WhiteElo "1948"]
[WhiteRD "81"]
[BlackElo "2207"]
[BlackRD "67"]
[GameID "464680"]

1. e4 c5 2. Nf3 d6 3. d4 cxd4 4. Nxd4 Nf6 5. Nc3 a6 6. f3 e6 7. Be3 b5 8. a3 Bb7 9. Qd2 Be7 10. g4 Nc6
11. h4 Nd7 12. g5 Nce5 13. Be2 Nb6 14. b3 Rc8 15. f4 Ned7 16. f5 Qc7 17. fxe6 Qxc3 18. exd7+ Nxd7 19. Qxc3 Rxc3 20. Kd2 Rc7
21. b4 Bxe4 22. Rhf1 Nb6 23. a4 Nxa4 24. c4 O-O 25. cxb5 axb5 26. Rfc1 Rxc1 27. Rxc1 d5 28. Nc6 Bd6 29. Bxb5 Nb2 30. Kc3 Nc4
31. Bc5 Rc8 32. Bxd6 Nxd6 33. Ba4 Ra8 34. Bb3 Kf8 35. Kd4 Nf5+ 36. Kc5 d4 37. b5 d3 38. Rf1 g6 39. Bc4 Rc8 40. Rf2 Rc7
41. Rd2 Nxh4 42. Bxd3 Nf3 43. Bxe4 Nxd2 44. Bd5 Kg7 45. b6 Rb7 46. Nd8 Rb8 47. Nxf7 Ne4+ 48. Bxe4 Kxf7 49. Kc6 Ke6 50. Kc7 Rxb6
51. Kxb6 Ke5 52. Bb7 Kf4 53. Kc5 Kxg5 54. Kd4 Kf4 55. Be4=
1/2-1/2

[Event "Beth Harmon Ate My Dingo"]
[Site "SchemingMind.com"]
[Date "2021.01.23"]
[Round "-"]
[White "Gilligan"]
[Black "David Perna-Fraser"]
[Result "0-1"]
[WhiteCountry "USA"]
[BlackCountry "CAN"]
[WhiteElo "1725"]
[WhiteRD "56"]
[BlackElo "1937"]
[BlackRD "78"]
[GameID "464681"]

1. e4 e5 2. Nf3 Nf6 3. Nc3 Bb4 4. Bc4 O-O 5. d3 d6 6. h3 c6 7. Bd2 b5 8. Bb3 a5 9. a3 Bxc3 10. Bxc3 a4
11. Ba2 Na6 12. O-O h6 13. Bd2 Nc5 14. Be3 Ne6 15. c3 Qe7 16. Nh4 Ng5 17. Bxg5 hxg5 18. Ng6 Qe8 19. Nxf8 Kxf8 20. Qd2 g4
21. h4 Nh5 22. Qg5 Nf4 23. h5 f6 24. Qh4 Nxh5 25. g3 g5 26. Qh1 Ra7 27. Qg2 Rh7 28. Rfe1 Qg6 29. Kf1 Nf4 30. gxf4 gxf4
31. f3 g3 32. Qg1 Rh2 33. Re2 Rh7 34. Ke1 Qh5 35. Kd2 Qxf3 36. Rf1 Qh5 37. Kc2 Qxe2+ 38. Kc1 Rh2
0-1

[Event "Beth Harmon Ate My Dingo"]
[Site "SchemingMind.com"]
[Date "2021.01.23"]
[Round "-"]
[White "David Perna-Fraser"]
[Black "Gilligan"]
[Result "1-0"]
[WhiteCountry "CAN"]
[BlackCountry "USA"]
[WhiteElo "1937"]
[WhiteRD "78"]
[BlackElo "1725"]
[BlackRD "56"]
[GameID "464682"]

1. e4 e5 2. Nf3 Nc6 3. Bb5 a6 4. Ba4 Nf6 5. O-O Bc5 6. d3 b5 7. Bb3 O-O 8. Bg5 h6 9. Bh4 d5 10. Bxd5 Bb7
11. Bxc6 Bxc6 12. Nxe5 Bb7 13. Ng4 Be7 14. Nxf6+ Bxf6 15. Bxf6 Qxf6 16. c3 c5 17. Nd2 Rad8 18. Qe2 g6 19. Qe3 Kh7 20. Qxc5 Rfe8
21. Qe3 Kg7 22. f3 Rh8 23. d4 h5 24. e5 Qe6 25. Ne4 Ba8 26. Qf4 Rdf8 27. Qf6+ Qxf6 28. Nxf6 Bb7 29. a4 Bc6 30. d5 Bb7
31. axb5 axb5 32. Ra7 Bc8 33. Rfa1 Bf5 34. Rb7 Bd3 35. f4 h4 36. h3 Kh6 37. Raa7 Kg7 38. d6 Bc4 39. Ne4 Bd5 40. Nf6 Bxb7
41. Rxb7 g5 42. fxg5 Kg6 43. Rxb5 Kxg5 44. Nd7 Rd8 45. e6+ f5 46. Ne5 Kf6 47. Nf7 Rde8 48. Nxh8 Kxe6 49. Ng6 Kxd6 50. Nxh4 f4
51. Ng6 Re4 52. Rb4
1-0

[Event "Beth Harmon Ate My Dingo"]
[Site "SchemingMind.com"]
[Date "2021.01.23"]
[Round "-"]
[White "Phillip Beckett"]
[Black "David Perna-Fraser"]
[Result "0-1"]
[WhiteCountry "ENG"]
[BlackCountry "CAN"]
[WhiteElo "1453"]
[WhiteRD "52"]
[BlackElo "1886"]
[BlackRD "77"]
[GameID "464683"]

1. e4 e5 2. Nf3 Nf6 3. Nxe5 d6 4. Nf3 Nxe4 5. Qe2 Qe7 6. d3 Nf6 7. Bg5 Qxe2+ 8. Bxe2 Be7 9. Nbd2 O-O 10. O-O-O Nc6
11. Rhe1 h6 12. Bh4 Be6 13. Bf1 Nb4 14. Kb1 Bxa2+ 15. Kc1 Be6 16. Ne4 g5 17. Bg3 Nxe4 18. Rxe4 Na2+ 19. Kb1 Bf6 20. Rxe6 Nc3+
21. bxc3 fxe6 22. Nd4 Bxd4 23. cxd4 Rf5 24. f3 Rb5+ 25. Kc1 a5 26. Kd2 a4 27. h4 a3 28. hxg5 a2
0-1

[Event "Beth Harmon Ate My Dingo"]
[Site "SchemingMind.com"]
[Date "2021.01.23"]
[Round "-"]
[White "David Perna-Fraser"]
[Black "Phillip Beckett"]
[Result "1-0"]
[WhiteCountry "CAN"]
[BlackCountry "ENG"]
[WhiteElo "1937"]
[WhiteRD "78"]
[BlackElo "1495"]
[BlackRD "53"]
[GameID "464684"]

1. e4 e5 2. Bc4 Nf6 3. Nc3 Be7 4. Nf3 d6 5. O-O O-O 6. h3 h6 7. d4 exd4 8. Nxd4 Bd7 9. Nf5 Nc6 10. Qf3 Ne5
11. Nxe7+ Qxe7 12. Qe2 Nxc4 13. Qxc4 Bc6 14. f3 Nh5 15. Ne2 Qh4 16. Qc3 Ng3 17. Nxg3 Qxg3 18. Be3 Qe5 19. Bd4 Qg5 20. f4 Qg6
21. f5 Qg5 22. Rf3 f6 23. Rg3 Qh5 24. Bxf6 Rf7 25. Bxg7 Kh7 26. Rg6 Rg8 27. Rxh6+ Qxh6 28. Bxh6 Kxh6 29. Qe3+ Kh7 30. Rf1 Re8
31. Rf4 Rfe7 32. Rh4+ Kg8 33. Qg5+ Rg7 34. Qh6 Kf7 35. Qh5+ Kg8 36. f6 Rf7 37. Qh8#
1-0

[Event "Beth Harmon Ate My Dingo"]
[Site "SchemingMind.com"]
[Date "2021.01.20"]
[Round "-"]
[White "Transcendent"]
[Black "David Perna-Fraser"]
[Result "1-0"]
[WhiteCountry "ENG"]
[BlackCountry "CAN"]
[WhiteElo "2051"]
[WhiteRD "69"]
[BlackElo "1922"]
[BlackRD "78"]
[GameID "464685"]

1. d4 Nf6 2. c4 e6 3. g3 Bb4+ 4. Bd2 Qe7 5. Bg2 c6 6. Nf3 d5 7. O-O Na6 8. a3 Bxd2 9. Nbxd2 Nc7 10. Qc2 O-O
11. e4 dxe4 12. Nxe4 Nxe4 13. Qxe4 Rd8 14. Rad1 Ne8 15. h4 Nf6 16. Qc2 a5 17. Ne5 Qc7 18. c5 Nd5 19. Be4 f5 20. Bxd5 exd5
21. Rfe1 Bd7 22. f4 Qc8 23. Re3 Be8 24. Rde1 Bh5 25. a4 Re8 26. Kf2 Rb8 27. Rb3 Qe6 28. Qd2 h6 29. Rb6 Re7 30. Nxc6 Qxe1+
31. Qxe1 Rxe1 32. Kxe1 Re8+ 33. Ne5 Re7 34. Rb5 Be8 35. Rxa5 Kh7 36. Ra7 Re6 37. b4 b6 38. b5 bxc5 39. dxc5 d4 40. c6 d3
41. Kd2 Rd6 42. c7 Bd7 43. Nxd7 Rxd7 44. c8=Q Rxa7 45. Qxf5+ Kh8 46. Qf8+ Kh7 47. Qb4 h5 48. a5 Rf7 49. b6 g5 50. hxg5 h4
51. gxh4 Kh8 52. b7 Kg7 53. b8=Q Kh7 54. Qe4+ Kg7 55. Qbe5+ Kg8 56. Qe8+ Kg7 57. Q4e5+ Kg6 58. Qg8+ Kh5 59. Qxf7+ Kg4 60. Qff5+ Kxh4
61. Qe1+ Kh5 62. Qh1#
1-0

[Event "Beth Harmon Ate My Dingo"]
[Site "SchemingMind.com"]
[Date "2021.01.20"]
[Round "-"]
[White "David Perna-Fraser"]
[Black "Transcendent"]
[Result "1/2-1/2"]
[WhiteCountry "CAN"]
[BlackCountry "ENG"]
[WhiteElo "1935"]
[WhiteRD "79"]
[BlackElo "2065"]
[BlackRD "62"]
[GameID "464686"]

1. e4 e6 2. d4 d5 3. exd5 exd5 4. Nf3 Nf6 5. Bd3 Be7 6. O-O O-O 7. c3 Bg4 8. h3 Bh5 9. Re1 c6 10. Bg5 Nbd7
11. Bf4 Re8 12. Nbd2 Bg6 13. Bxg6 hxg6 14. h4 Nh5 15. Bg5 Nhf6 16. Bxf6 Bxf6 17. Rxe8+ Qxe8 18. Qe1 Kf8 19. g3 Qxe1+ 20. Rxe1 a5
21. a4 b5 22. axb5 cxb5 23. Nf1 Nb6 24. Ne3 a4 25. Kf1 Re8 26. Rb1 Be7 27. Ne1 Nc4 28. Nxc4 bxc4=
1/2-1/2

[Event "Beth Harmon Ate My Dingo"]
[Site "SchemingMind.com"]
[Date "2021.01.21"]
[Round "-"]
[White "David Perna-Fraser"]
[Black "Daniel Dubé"]
[Result "1-0"]
[WhiteCountry "CAN"]
[BlackCountry "CAN"]
[WhiteElo "1886"]
[WhiteRD "77"]
[BlackElo "1645"]
[BlackRD "59"]
[GameID "464687"]

1. e4 e6 2. d4 d5 3. exd5 exd5 4. Nf3 Bd6 5. Bd3 Nc6 6. O-O Bg4 7. Re1+ Nge7 8. c3 Qd7 9. b4 O-O-O 10. a4 Ng6
11. a5 h5 12. b5 Nce7 13. b6 cxb6 14. axb6 axb6 15. Na3 Nf5 16. Nb5 Qc6 17. Na7+
1-0

[Event "Beth Harmon Ate My Dingo"]
[Site "SchemingMind.com"]
[Date "2021.01.19"]
[Round "-"]
[White "Daniel Dubé"]
[Black "David Perna-Fraser"]
[Result "0-1"]
[WhiteCountry "CAN"]
[BlackCountry "CAN"]
[WhiteElo "1625"]
[WhiteRD "59"]
[BlackElo "1870"]
[BlackRD "73"]
[GameID "464688"]

1. e4 e5 2. Nf3 Nf6 3. Nxe5 d6 4. Nf3 Nxe4 5. c4 Be7 6. d4 c5 7. dxc5 dxc5 8. Qxd8+ Bxd8 9. Bd3 Ba5+ 10. Kf1 f5
11. g3 Nc6 12. Kg2 O-O 13. Nbd2 Nxd2 14. Bxd2 Bxd2 15. Nxd2 Rd8
0-1

[Event "Beth Harmon Ate My Dingo"]
[Site "SchemingMind.com"]
[Date "2021.01.21"]
[Round "-"]
[White "Steven DuCharme"]
[Black "Arnold Jones"]
[Result "1-0"]
[WhiteCountry "USA"]
[BlackCountry "ENG"]
[WhiteElo "1571"]
[WhiteRD "55"]
[BlackElo "1568"]
[BlackRD "67"]
[GameID "464733"]

1. c4 c5 2. Nc3 Nf6 3. g3 Nc6 4. Bg2 e6 5. Nf3 d5 6. cxd5 exd5 7. O-O Be7 8. d4 O-O 9. dxc5 Bxc5 10. Na4 b6
11. Nxc5 bxc5 12. a3 Qb6 13. b4 c4 14. Be3 Qc7 15. Nd4 Ne7 16. Bg5 Qe5 17. f4 Qe3+ 18. Kh1 Ng4 19. Bxe7 Re8 20. Bxd5 Ba6
21. b5 Rxe7 22. Bxa8 Bc8 23. Kg2 Qc3 24. Rf3 Qb2 25. Rb1 Qa2 26. h3 Ne3+ 27. Rxe3 Kf8 28. Rxe7 Qxa3 29. Rc7 Bxh3+ 30. Kxh3 g6
31. Ne6+ fxe6 32. Qd8#
1-0

[Event "Beth Harmon Ate My Dingo"]
[Site "SchemingMind.com"]
[Date "2021.01.22"]
[Round "-"]
[White "Arnold Jones"]
[Black "Steven DuCharme"]
[Result "0-1"]
[WhiteCountry "ENG"]
[BlackCountry "USA"]
[WhiteElo "1568"]
[WhiteRD "67"]
[BlackElo "1571"]
[BlackRD "55"]
[GameID "464734"]

1. d4 Nf6 2. c4 g6 3. Nc3 Bg7 4. e4 d6 5. Be2 O-O 6. Be3 Nbd7 7. Qc2 b6 8. O-O-O Bb7 9. f3 e5 10. d5 Re8
11. f4 Bh6 12. g3 exf4 13. gxf4 Nc5 14. Bf3 Qe7 15. Bxc5 Bxf4+ 16. Kb1 bxc5 17. Nge2 Bh6 18. Ng3 Bf4 19. Nce2 Qe5 20. Qb3 Rab8
21. Nxf4 Qxf4 22. Qd3 Nd7 23. Qc3 Ne5 24. Be2 Bc8 25. h3 Ba6 26. Rdf1 Qh4 27. Rfg1 Kh8 28. Nf1 Qxe4+ 29. Qc2 Qxc2+ 30. Kxc2 Nxc4
31. Bxc4 Bxc4 32. Kb1 Bxd5 33. Rh2 Re1+ 34. Kc2 Bc4 35. Rf2 Bxa2 36. Rxf7 Bxf7 37. Kd2 Rb1
0-1

[Event "Beth Harmon Ate My Dingo"]
[Site "SchemingMind.com"]
[Date "2021.01.22"]
[Round "-"]
[White "Derek Price"]
[Black "Arnold Jones"]
[Result "1-0"]
[WhiteCountry "ENG"]
[BlackCountry "ENG"]
[WhiteElo "2240"]
[WhiteRD "74"]
[BlackElo "1568"]
[BlackRD "67"]
[GameID "464735"]

1. c4 e6 2. g3 Nf6 3. Bg2 c5 4. Nc3 d5 5. cxd5 Nxd5 6. Nf3 Bd6 7. O-O Nxc3 8. dxc3 Nc6 9. Nd2 Ne5 10. Ne4 Be7
11. Qxd8+ Kxd8 12. Bf4 Nd7 13. Nd6 Rf8 14. Nxb7+ Ke8 15. Nd6+ Bxd6 16. Bxd6 Rb8 17. Bxb8 Nxb8 18. b4 c4 19. Rfd1 Bd7 20. Rd4 Ke7
21. Rxc4 Bb5 22. Rc7+ Nd7 23. c4 Kd6 24. Rxa7 Bxc4 25. Rd1+ Bd5 26. e4 Nf6 27. exd5 exd5 28. Ra6+ Ke7 29. Re1+ Kd7 30. Bh3+
1-0

[Event "Beth Harmon Ate My Dingo"]
[Site "SchemingMind.com"]
[Date "2021.01.21"]
[Round "-"]
[White "Arnold Jones"]
[Black "Derek Price"]
[Result "0-1"]
[WhiteCountry "ENG"]
[BlackCountry "ENG"]
[WhiteElo "1568"]
[WhiteRD "67"]
[BlackElo "2240"]
[BlackRD "74"]
[GameID "464736"]

1. d4 d5 2. Nc3 Nf6 3. Nf3 e6 4. e3 c5 5. Bb5+ Bd7 6. O-O a6 7. Bxd7+ Nbxd7 8. Bd2 Bd6 9. e4 dxe4 10. dxc5 Nxc5
11. Ne1 Qc7 12. f4 Qb6 13. Qc1 Nb3+ 14. Be3 Bc5 15. Qd1 Bxe3+ 16. Kh1 Nxa1 17. Na4 Qb5 18. Nd3 Qxa4 19. b3 Qd7 20. Qxa1 exd3
21. cxd3 Qxd3 22. h3 Ne4 23. Rf3 Qd2 24. Qxg7 Qc1+ 25. Kh2 Qg1#
0-1

[Event "Beth Harmon Ate My Dingo"]
[Site "SchemingMind.com"]
[Date "2021.01.21"]
[Round "-"]
[White "Gilligan"]
[Black "Arnold Jones"]
[Result "1-0"]
[WhiteCountry "USA"]
[BlackCountry "ENG"]
[WhiteElo "1680"]
[WhiteRD "57"]
[BlackElo "1568"]
[BlackRD "67"]
[GameID "464737"]

1. e4 c5 2. Nf3 e6 3. d4 cxd4 4. Nxd4 Nc6 5. Be3 Qc7 6. Bd3 Nxd4 7. Bxd4 e5 8. Be3 Nf6 9. O-O Bc5 10. Qe2 O-O
11. Nc3 Bxe3 12. Qxe3 a6 13. h3 d6 14. Kh1 Be6 15. f4 Bc4 16. Nd5 Bxd5 17. fxe5 dxe5 18. Rxf6 gxf6 19. exd5 Qd7 20. Qg3+ Kh8
21. Qh4 f5 22. Qf6+ Kg8 23. Bxf5 Qxf5 24. Qxf5 f6 25. Rd1 Rad8 26. c4 Rf7 27. b4 Kf8 28. c5 Rdd7 29. a4 Ke8 30. b5 Rg7
31. c6 Rd6 32. Qc8+ Kf7 33. Qc7+ Kg6 34. Qxd6 bxc6 35. dxc6 axb5 36. axb5 Kh5 37. Qxf6 Rg5 38. Qf3+
1-0

[Event "Beth Harmon Ate My Dingo"]
[Site "SchemingMind.com"]
[Date "2021.01.21"]
[Round "-"]
[White "Arnold Jones"]
[Black "Gilligan"]
[Result "0-1"]
[WhiteCountry "ENG"]
[BlackCountry "USA"]
[WhiteElo "1568"]
[WhiteRD "67"]
[BlackElo "1680"]
[BlackRD "57"]
[GameID "464738"]

1. d4 d5 2. Nc3 Nf6 3. Nf3 e6 4. e3 Be7 5. Bd3 O-O 6. Bd2 c5 7. b3 cxd4 8. exd4 h6 9. Ne5 Nbd7 10. f4 a6
11. O-O Qc7 12. Nxd7 Qxd7 13. f5 b5 14. a3 Bd6 15. fxe6 fxe6 16. Ne2 Bb7 17. Nf4 e5 18. dxe5 Bxe5 19. Ng6 Bxa1 20. Bf5 Qf7
21. Nf4 Bd4+ 22. Kh1 Bc8 23. Bg6 Qa7 24. Bb4 Rd8 25. Qd3 Bc5 26. Bh7+ Nxh7 27. Qg6 Rf8 28. Bd2 Rf6 29. Qe8+ Rf8 30. Qe5 Qd7
31. b4 Bb6 32. Rf3 Bc7 33. Qd4 Bxf4 34. Bc3 Ng5 35. Rxf4 Rxf4 36. Qxf4 Bb7 37. Qd4 Rf8 38. Kg1 Qf7 39. Qd3 Qf2+ 40. Kh1 d4
41. Qg3 Qf1#
0-1

[Event "Beth Harmon Ate My Dingo"]
[Site "SchemingMind.com"]
[Date "2021.01.22"]
[Round "-"]
[White "Phillip Beckett"]
[Black "Arnold Jones"]
[Result "0-1"]
[WhiteCountry "ENG"]
[BlackCountry "ENG"]
[WhiteElo "1440"]
[WhiteRD "48"]
[BlackElo "1627"]
[BlackRD "69"]
[GameID "464739"]

1. d4 f5 2. e3 e6 3. Bd3 Nf6 4. Nd2 g5 5. c4 Bb4 6. a3 Bxd2+ 7. Bxd2 d6 8. Bc3 h5 9. Nf3 Ne4 10. O-O Nxc3
11. bxc3 g4 12. Nd2 Qf6 13. e4 f4 14. e5 dxe5 15. dxe5 Qxe5 16. Re1 Qxc3 17. Ne4 Qd4 18. c5 Nc6 19. Ng5 Ke7 20. Qe2 e5
21. Ne4 Be6 22. Rad1 Qa4 23. Ng5 f3 24. Qe3 fxg2 25. Nxe6 Kxe6 26. Qg5 Raf8 27. Qg6+ Ke7 28. Qg7+ Ke6 29. Be4 Ne7 30. Bxg2 Qf4
31. Kf1 Qxf2#
0-1

[Event "Beth Harmon Ate My Dingo"]
[Site "SchemingMind.com"]
[Date "2021.01.21"]
[Round "-"]
[White "Arnold Jones"]
[Black "Phillip Beckett"]
[Result "1-0"]
[WhiteCountry "ENG"]
[BlackCountry "ENG"]
[WhiteElo "1568"]
[WhiteRD "67"]
[BlackElo "1445"]
[BlackRD "50"]
[GameID "464740"]

1. e4 e5 2. Nf3 Nc6 3. Nc3 Nf6 4. Bc4 Be7 5. d4 d6 6. O-O exd4 7. Nxd4 Nxd4 8. Qxd4 O-O 9. h3 Be6 10. Bxe6 fxe6
11. Qc4 Qd7 12. f4 d5 13. exd5 exd5 14. Qb3 c6 15. f5 Bc5+ 16. Kh1 Kh8 17. Na4 Bb6 18. Nxb6 axb6 19. Bf4 Ne4 20. g4 Rae8
21. Qxb6 Nd6 22. Bxd6 Qxd6 23. Qf2 Qe7 24. Rad1 Qe2 25. Qc5 Qe4+ 26. Kg1 Qe3+ 27. Qxe3 Rxe3 28. Rd3 Rxd3 29. cxd3 Re8 30. Kf2 Ra8
31. Re1 Kg8 32. a3 Kf7 33. Kg3 Re8 34. Rxe8 Kxe8 35. Kf4 Ke7 36. Ke5 b6 37. d4 Kd7 38. b4 b5 39. g5 Ke7 40. g6 hxg6
41. fxg6 Kd7 42. h4 Ke7 43. Kf5 Kd6 44. Kg5 Ke6 45. h5 Ke7 46. Kf5 Kd7 47. Kg5 Ke6 48. h6 gxh6+ 49. Kxh6
1-0

[Event "Beth Harmon Ate My Dingo"]
[Site "SchemingMind.com"]
[Date "2021.01.22"]
[Round "-"]
[White "Transcendent"]
[Black "Arnold Jones"]
[Result "1-0"]
[WhiteCountry "ENG"]
[BlackCountry "ENG"]
[WhiteElo "1984"]
[WhiteRD "68"]
[BlackElo "1568"]
[BlackRD "67"]
[GameID "464741"]

1. d4 Nf6 2. c4 e6 3. g3 d5 4. Nf3 c5 5. cxd5 Qxd5 6. Nc3 Qd8 7. Bg2 cxd4 8. Nxd4 e5 9. Ndb5 Qxd1+ 10. Nxd1 Bd6
11. Nxd6+ Kd7 12. Nxb7 Nc6 13. Nc5+ Kc7 14. O-O Nd4 15. Bxa8 Nxe2+ 16. Kg2 Bf5 17. Bf3 Nd4 18. Nc3 e4 19. Bxe4 Be6 20. Bf4+ Kb6
21. N5a4+ Ka5 22. Bc7+ Kb4 23. a3+ Kb3 24. Nc5+ Kxb2 25. N3a4#
1-0

[Event "Beth Harmon Ate My Dingo"]
[Site "SchemingMind.com"]
[Date "2021.01.21"]
[Round "-"]
[White "Arnold Jones"]
[Black "Transcendent"]
[Result "0-1"]
[WhiteCountry "ENG"]
[BlackCountry "ENG"]
[WhiteElo "1556"]
[WhiteRD "73"]
[BlackElo "2009"]
[BlackRD "64"]
[GameID "464742"]

1. d4 d5 2. Nf3 Nf6 3. Bf4 c5 4. e3 Nc6 5. Bb5 Qa5+ 6. Nc3 Ne4 7. Bxc6+ bxc6 8. Nd2 Nxc3 9. bxc3 Qxc3 10. dxc5 e5
11. Bg3 Bxc5 12. O-O f6 13. Nb3 Bb6 14. Qd3 Qxd3 15. cxd3 h5 16. h4 Ba6 17. Rfd1 c5 18. d4 c4 19. Nc5 Bxc5 20. dxe5 Rd8
21. exf6 gxf6 22. Bf4 Ke7 23. a4 Ke6 24. Bh2 Rhg8 25. g3 d4 26. a5 d3 27. Kf1 c3 28. Ra4 d2+ 29. Kg1 c2 30. Rda1 d1=Q+
0-1

[Event "Beth Harmon Ate My Dingo"]
[Site "SchemingMind.com"]
[Date "2021.01.25"]
[Round "-"]
[White "David Perna-Fraser"]
[Black "Arnold Jones"]
[Result "1-0"]
[WhiteCountry "CAN"]
[BlackCountry "ENG"]
[WhiteElo "1935"]
[WhiteRD "79"]
[BlackElo "1548"]
[BlackRD "84"]
[GameID "464743"]

1. e4 c5 2. Nf3 e6 3. d4 d5 4. Bb5+ Bd7 5. Bxd7+ Nxd7 6. exd5 Qa5+ 7. Bd2 Qa6 8. dxe6 Qxe6+ 9. Qe2 Qxe2+ 10. Kxe2 O-O-O
11. c3 Ngf6 12. Ng5 cxd4 13. cxd4 Re8+ 14. Kd1 Ng4 15. Be3 Nxe3+ 16. fxe3 f6 17. Nf3 Rxe3 18. Kd2 Re6 19. Nc3 Bb4 20. a3 Bxc3+
21. bxc3 Nb6 22. Kd3 Nd5 23. Rhe1 Rhe8 24. Rxe6 Rxe6 25. Re1 Nf4+ 26. Kc4 Rc6+ 27. Kb3 Kd7 28. g3 Rb6+ 29. Kc2 Ng6 30. c4 Rc6
31. Kd3 Rc8 32. h4 Ne7 33. d5 g6 34. Nd4 a6 35. a4 f5 36. Rb1 Rb8 37. Rb6 Kc7 38. Re6 Kd7 39. Rf6 Ke8 40. Rb6 Kd7
41. Ne6 h6 42. Nc5+ Kc7 43. Re6 Rd8 44. Rxe7+ Kd6 45. Nxb7+ Kxe7 46. Nxd8 Kxd8 47. c5 Kd7 48. Kd4 Ke7 49. Ke5 Kf7 50. d6 Ke8
51. c6
1-0

[Event "Beth Harmon Ate My Dingo"]
[Site "SchemingMind.com"]
[Date "2021.01.25"]
[Round "-"]
[White "Arnold Jones"]
[Black "David Perna-Fraser"]
[Result "0-1"]
[WhiteCountry "ENG"]
[BlackCountry "CAN"]
[WhiteElo "1552"]
[WhiteRD "79"]
[BlackElo "1937"]
[BlackRD "78"]
[GameID "464744"]

1. d4 Nf6 2. Nc3 e6 3. e4 d5 4. e5 Nfd7 5. Nf3 Nc6 6. Ne2 Be7 7. c3 f6 8. exf6 Bxf6 9. Nf4 O-O 10. Nxe6 Re8
11. Qe2 Nde5 12. dxe5 Rxe6 13. Bf4 Qe8 14. O-O-O Nxe5 15. Nd4 Re7 16. Bxe5 Bxe5 17. Qc2 Bf4+ 18. Kb1 c5 19. Bb5 Qf7 20. Ne2 Bf5
21. Bd3 Bxd3 22. Rxd3 Bh6 23. Rf3 Qe6 24. Re1 Rae8 25. h3 Qe4 26. Qxe4 Rxe4
0-1

[Event "Beth Harmon Ate My Dingo"]
[Site "SchemingMind.com"]
[Date "2021.01.21"]
[Round "-"]
[White "Daniel Dubé"]
[Black "Arnold Jones"]
[Result "1-0"]
[WhiteCountry "CAN"]
[BlackCountry "ENG"]
[WhiteElo "1625"]
[WhiteRD "59"]
[BlackElo "1568"]
[BlackRD "67"]
[GameID "464745"]

1. e4 c5 2. Nf3 e6 3. d4 cxd4 4. Nxd4 Nc6 5. Nc3 e5 6. Nde2 Bb4 7. Qd3 Nf6 8. Bg5 Ne7 9. Bxf6 gxf6 10. O-O-O Bxc3
11. Nxc3 Ng6 12. g3 Qb6 13. Nd5 Qd8 14. Qc3 Rb8 15. Nc7+ Kf8 16. Qc5+ Kg7 17. Qd6 b6 18. Ne6+ fxe6 19. Qxb8 a6 20. Qd6 b5
21. h4 Ne7 22. Bh3 f5 23. exf5 Kf6 24. fxe6 Nf5 25. Bxf5 Kxf5 26. g4+ Kf4 27. e7 Qe8 28. Qd2+ Kf3 29. Qe3+ Kxg4 30. Rdg1+ Kf5
31. Rg5+ Ke6 32. Qxe5+ Kf7 33. Rf5+
1-0

[Event "Beth Harmon Ate My Dingo"]
[Site "SchemingMind.com"]
[Date "2021.01.22"]
[Round "-"]
[White "Arnold Jones"]
[Black "Daniel Dubé"]
[Result "1/2-1/2"]
[WhiteCountry "ENG"]
[BlackCountry "CAN"]
[WhiteElo "1568"]
[WhiteRD "67"]
[BlackElo "1625"]
[BlackRD "59"]
[GameID "464746"]

1. d4 Nf6 2. c4 e6 3. Nc3 Bb4 4. Bg5 c5 5. d5 h6 6. Bh4 d6 7. Qc2 e5 8. e4 Bxc3+ 9. bxc3 g5 10. Bg3 b6
11. f3 Nh5 12. Bf2 O-O 13. g4 Nf4 14. h4 f6 15. h5 Ba6 16. a4 Qd7 17. Qb3 Qe8 18. O-O-O Nd7 19. Be3 Bc8 20. Rh2 a5
21. Ra2 Ba6=
1/2-1/2